COMPETITIVE BOOK FOR AGRICULTURE AND PLANT SCIENCE (Record no. 25604)
[ view plain ]
| 000 -LEADER | |
|---|---|
| fixed length control field | 00403nam a22001457a 4500 |
| 003 - CONTROL NUMBER IDENTIFIER | |
| control field | SGT |
| 020 ## - INTERNATIONAL STANDARD BOOK NUMBER | |
| International Standard Book Number | 9789392953460 |
| 082 ## - DEWEY DECIMAL CLASSIFICATION NUMBER | |
| Classification number | 630 |
| Item number | SIN |
| 100 ## - MAIN ENTRY--PERSONAL NAME | |
| Personal name | SINGH NITESH |
| 245 ## - TITLE STATEMENT | |
| Title | COMPETITIVE BOOK FOR AGRICULTURE AND PLANT SCIENCE |
| Remainder of title | A COMPLETE BOOK FOR JRF, ICAR,SAUs and OTHER EXAMINATIONS |
| 250 ## - EDITION STATEMENT | |
| Edition statement | 1 |
| 260 ## - PUBLICATION, DISTRIBUTION, ETC. (IMPRINT) | |
| Place of publication, distribution, etc | RAJASTHAN |
| Name of publisher, distributor, etc | VITAL BIOTECH PUBLICATION |
| Year of Publication | 2022 |
| 300 ## - PAGE DESCRIPTION | |
| No. of Pages | 350 |
| 942 ## - ADDED ENTRY ELEMENTS (KOHA) | |
| Source of classification or shelving scheme | Dewey Decimal Classification |
| Koha item type | Books |
| Withdrawn status | Lost status | Source of classification or shelving scheme | Damaged status | Not for loan | Collection code | Home library | Current library | Shelving location | Date acquired | Cost, normal purchase price | SGTU | Total Checkouts | Full call number | Accession No. (Barcode) | Date last seen | Bill Date | Koha item type |
|---|---|---|---|---|---|---|---|---|---|---|---|---|---|---|---|---|---|
| Dewey Decimal Classification | Not For Loan | SCIENCE | SGT Science & Social Sciences Library | SGT Science & Social Sciences Library | Reference Book | 15/01/2024 | 1250.00 | SGTU | 630 SIN | AG1834 | 15/01/2024 | 15/01/2024 | Books |